ALL Drag Race Italia Queens - Statistics

General Stats
  • This quiz has been taken 102 times
    77 since last reset
  • The average score is 24 of 31
Answer Stats
Season Placement Drag Queen % Correct
๐Ÿ‡ฎ๐Ÿ‡น Drag Race Italia ๐Ÿ‡ฎ๐Ÿ‡น-Season 1- ๐Ÿ† WINNER ๐Ÿ† Elecktra Bionic
95%
๐Ÿ‡ฎ๐Ÿ‡น Drag Race Italia ๐Ÿ‡ฎ๐Ÿ‡น-Season 2- ๐Ÿฅˆ Runner-Up ๐Ÿฅˆ๐Ÿ’ Miss Congeniality ๐Ÿ’ Nehellenia
95%
๐Ÿ‡ฎ๐Ÿ‡น Drag Race Italia ๐Ÿ‡ฎ๐Ÿ‡น-Season 2- ๐Ÿฅˆ Runner-Up ๐Ÿฅˆ Aura Eternal
92%
๐Ÿ‡ฎ๐Ÿ‡น Drag Race Italia ๐Ÿ‡ฎ๐Ÿ‡น-Season 2- ๐Ÿ† WINNER ๐Ÿ† La Diamond
86%
๐Ÿ‡ฎ๐Ÿ‡น Drag Race Italia ๐Ÿ‡ฎ๐Ÿ‡น-Season 2- 8th Obama
86%
๐Ÿ‡ฎ๐Ÿ‡น Drag Race Italia ๐Ÿ‡ฎ๐Ÿ‡น-Season 1- 6th Divinity
84%
๐Ÿ‡ฎ๐Ÿ‡น Drag Race Italia ๐Ÿ‡ฎ๐Ÿ‡น-Season 1- 7th[Disqualified] Enorma Jean
84%
๐Ÿ‡ฎ๐Ÿ‡น Drag Race Italia ๐Ÿ‡ฎ๐Ÿ‡น-Season 1- ๐Ÿฅˆ Runner-Up ๐Ÿฅˆ Farida Kant
84%
๐Ÿ‡ฎ๐Ÿ‡น Drag Race Italia ๐Ÿ‡ฎ๐Ÿ‡น-Season 3- ๐Ÿ† WINNER ๐Ÿ† Lina Galore
84%
๐Ÿ‡ฎ๐Ÿ‡น Drag Race Italia ๐Ÿ‡ฎ๐Ÿ‡น-Season 2- 6th Gioffrรฉ
81%
๐Ÿ‡ฎ๐Ÿ‡น Drag Race Italia ๐Ÿ‡ฎ๐Ÿ‡น-Season 1- ๐Ÿฅˆ Runner-Up ๐Ÿฅˆ Le Riche
81%
๐Ÿ‡ฎ๐Ÿ‡น Drag Race Italia ๐Ÿ‡ฎ๐Ÿ‡น-Season 1- 4th๐Ÿ’ Miss Congeniality ๐Ÿ’ Luquisha Lubamba
81%
๐Ÿ‡ฎ๐Ÿ‡น Drag Race Italia ๐Ÿ‡ฎ๐Ÿ‡น-Season 1- 5th Ava Hangar
78%
๐Ÿ‡ฎ๐Ÿ‡น Drag Race Italia ๐Ÿ‡ฎ๐Ÿ‡น-Season 2- 4th La Petite Noire
78%
๐Ÿ‡ฎ๐Ÿ‡น Drag Race Italia ๐Ÿ‡ฎ๐Ÿ‡น-Season 3- ๐Ÿฅˆ Runner-Up ๐Ÿฅˆ Melissa Bianchini
78%
๐Ÿ‡ฎ๐Ÿ‡น Drag Race Italia ๐Ÿ‡ฎ๐Ÿ‡น-Season 2- 10th Narciso
78%
๐Ÿ‡ฎ๐Ÿ‡น Drag Race Italia ๐Ÿ‡ฎ๐Ÿ‡น-Season 1- 8th Ivana Vamp
76%
๐Ÿ‡ฎ๐Ÿ‡น Drag Race Italia ๐Ÿ‡ฎ๐Ÿ‡น-Season 3- 3rd/4th La Sheeva
76%
๐Ÿ‡ฎ๐Ÿ‡น Drag Race Italia ๐Ÿ‡ฎ๐Ÿ‡น-Season 2- 5th Skandalove
76%
๐Ÿ‡ฎ๐Ÿ‡น Drag Race Italia ๐Ÿ‡ฎ๐Ÿ‡น-Season 3- 13th Adriana Picasso
73%
๐Ÿ‡ฎ๐Ÿ‡น Drag Race Italia ๐Ÿ‡ฎ๐Ÿ‡น-Season 3- 7th La Prada
73%
๐Ÿ‡ฎ๐Ÿ‡น Drag Race Italia ๐Ÿ‡ฎ๐Ÿ‡น-Season 2- 7th Panthera Virus
73%
๐Ÿ‡ฎ๐Ÿ‡น Drag Race Italia ๐Ÿ‡ฎ๐Ÿ‡น-Season 3- 3rd/4th๐Ÿ’ Miss Congeniality ๐Ÿ’ Silvana della Magliana
73%
๐Ÿ‡ฎ๐Ÿ‡น Drag Race Italia ๐Ÿ‡ฎ๐Ÿ‡น-Season 3- 5th Sypario
73%
๐Ÿ‡ฎ๐Ÿ‡น Drag Race Italia ๐Ÿ‡ฎ๐Ÿ‡น-Season 3- 10th Lightning Aurora
70%
๐Ÿ‡ฎ๐Ÿ‡น Drag Race Italia ๐Ÿ‡ฎ๐Ÿ‡น-Season 3- 9th Morgana Cosmica
70%
๐Ÿ‡ฎ๐Ÿ‡น Drag Race Italia ๐Ÿ‡ฎ๐Ÿ‡น-Season 2- 9th Tanissa Yoncรจ
70%
๐Ÿ‡ฎ๐Ÿ‡น Drag Race Italia ๐Ÿ‡ฎ๐Ÿ‡น-Season 3- 11th Vezirja
70%
๐Ÿ‡ฎ๐Ÿ‡น Drag Race Italia ๐Ÿ‡ฎ๐Ÿ‡น-Season 3- 6th Leila Yarn
68%
๐Ÿ‡ฎ๐Ÿ‡น Drag Race Italia ๐Ÿ‡ฎ๐Ÿ‡น-Season 3- 8th Sissy Lea
68%
๐Ÿ‡ฎ๐Ÿ‡น Drag Race Italia ๐Ÿ‡ฎ๐Ÿ‡น-Season 3- 12th Amy Krania
65%
No matching quizzes found
Score Distribution
Percent of People with Each Score
Percentile by Number Answered
Your Score History
You have not taken this quiz since the last reset